Bioalcohol production : (Record no. 355256)
[ view plain ]
| 000 -LEADER | |
|---|---|
| fixed length control field | 01932nam a2200253 a 4500 |
| 001 - CONTROL NUMBER | |
| control field | ASIN1439801711 |
| 003 - CONTROL NUMBER IDENTIFIER | |
| control field | Nust- CAS-E0 |
| 005 - DATE AND TIME OF LATEST TRANSACTION | |
| control field | 20180118181355.0 |
| 008 - FIXED-LENGTH DATA ELEMENTS--GENERAL INFORMATION | |
| fixed length control field | 140221s2010 xxu eng d |
| 020 ## - INTERNATIONAL STANDARD BOOK NUMBER | |
| International Standard Book Number | 1439801711 |
| Terms of availability | $249.95 |
| 020 ## - INTERNATIONAL STANDARD BOOK NUMBER | |
| International Standard Book Number | 9781439801710 |
| 040 ## - CATALOGING SOURCE | |
| Transcribing agency | 0 |
| 050 04 - LIBRARY OF CONGRESS CALL NUMBER | |
| Classification number | TP248.65.L54 |
| 082 04 - DEWEY DECIMAL CLASSIFICATION NUMBER | |
| Classification number | 662 |
| Author Mark | BIO 2010 |
| 245 10 - TITLE STATEMENT | |
| Title | Bioalcohol production : |
| Remainder of title | biochemical conversion of lignocellulosic biomass / |
| Statement of responsibility, etc. | K. Waldron. |
| 250 ## - EDITION STATEMENT | |
| Edition statement | 1st ed. |
| 260 ## - PUBLICATION, DISTRIBUTION, ETC. | |
| Place of publication, distribution, etc. | [S.l.] : |
| Name of publisher, distributor, etc. | CRC Press, |
| Date of publication, distribution, etc. | 2010. |
| 300 ## - PHYSICAL DESCRIPTION | |
| Extent | 496 p. ; |
| Dimensions | 24 cm. |
| 520 ## - SUMMARY, ETC. | |
| Summary, etc. | Bioethanol is one of the main biofuels capable of substituting petroleum usage in vehicles, and has had one of the largest impacts to date. The first generation of bioethanol production has had a worldwide impact, though it is restricted by energy intensive grain-to-bioethanol production technology, and land usage pressures (food vs. fuel). The development of second generation production technology, producing a wider range of bioalcohols from lignocellulosic biomass, removes many of the obstacles and expenses that first generation production faces. This book provides a comprehensive and timely reference on the biochemical conversion of lignocellulosic biomass for the production of fuel alcohols, expertly reviewing the development of the entire second-generation bioalcohol production chain. The book covers the process engineering, technology, modeling, and integration of the entire production chain, from feedstock pretreatment on to hydrolysis, to fermentation, and on to purification. The book primarily covers the production of bioethanol, but extends into coverage of the production of longer-chain bioalcohols that will be elemental to future biofuel utilization. |
| 650 #0 - SUBJECT ADDED ENTRY--TOPICAL TERM | |
| Topical term or geographic name entry element | Lignocellulose--Biotechnology |
| 700 1# - ADDED ENTRY--PERSONAL NAME | |
| Personal name | Waldron, K. |
| 856 40 - ELECTRONIC LOCATION AND ACCESS | |
| Materials specified | Amazon.com |
| Uniform Resource Identifier | <a href="http://www.amazon.com/exec/obidos/ASIN/1439801711/chopaconline-20">http://www.amazon.com/exec/obidos/ASIN/1439801711/chopaconline-20</a> |
| 942 ## - ADDED ENTRY ELEMENTS (KOHA) | |
| Source of classification or shelving scheme | |
| Koha item type | Book |
| Withdrawn status | Lost status | Source of classification or shelving scheme | Damaged status | Not for loan | Permanent Location | Current Location | Shelving location | Date acquired | Source of acquisition | Total Checkouts | Full call number | Barcode | Date last seen | Copy number | Cost, replacement price | Price effective from | Koha item type |
|---|---|---|---|---|---|---|---|---|---|---|---|---|---|---|---|---|---|
| US-Pakistan Center for Advanced Studies in Energy (USPCAS-E) | US-Pakistan Center for Advanced Studies in Energy (USPCAS-E) | General Stacks | 04/12/2013 | Victoria co | 662 BIO 2010 | CAS-E0000122 | 02/21/2014 | 01 | 54842.00 | 02/21/2014 | Book | ||||||
| US-Pakistan Center for Advanced Studies in Energy (USPCAS-E) | US-Pakistan Center for Advanced Studies in Energy (USPCAS-E) | General Stacks | 04/12/2013 | Victoria co | 662 BIO 2010 | CAS-E0000123 | 02/21/2014 | 02 | 54842.00 | 02/21/2014 | Book |
